|
|
|
|
| LEADER |
00000nam0a2200000 4500 |
| 001 |
323374 |
| 005 |
20231102003550.0 |
| 035 |
|
|
|a (RuTPU)RU\TPU\book\348958
|
| 090 |
|
|
|a 323374
|
| 100 |
|
|
|a 20161018d1954 m y0rusy50 ca
|
| 101 |
0 |
|
|a rus
|
| 102 |
|
|
|a RU
|
| 105 |
|
|
|a a z 001zy
|
| 200 |
1 |
|
|a Было ли начало мира
|f Р. В. Куницкий
|
| 205 |
|
|
|a 4-е изд.
|
| 210 |
|
|
|a Москва
|c Государственное издательство технико-теоретической литературы
|d 1954
|
| 215 |
|
|
|a 32 с.
|c ил.
|
| 225 |
1 |
|
|a Научно-просветительная библиотека
|v Вып. 1
|
| 606 |
1 |
|
|a Вселенная
|x Происхождение
|2 stltpush
|3 (RuTPU)RU\TPU\subj\3752
|9 32118
|
| 610 |
1 |
|
|a астрономия
|
| 610 |
1 |
|
|a небесная сфера
|
| 610 |
1 |
|
|a легенды
|
| 610 |
1 |
|
|a научные гипотезы
|
| 675 |
|
|
|a 524.85
|v 4
|
| 700 |
|
1 |
|a Куницкий
|b Р. В.
|
| 801 |
|
1 |
|a RU
|b 63413507
|c 20161018
|
| 801 |
|
2 |
|a RU
|b 63413507
|c 20200319
|g RCR
|
| 942 |
|
|
|c BK
|